|
|
|
|
| LEADER |
00000nab a2200000 a 4500 |
| 001 |
vtls000624069 |
| 003 |
SK-MaSNL |
| 005 |
20260303190723.0 |
| 008 |
160401c1997 xo 0 slo |
| 015 |
|
|
|a SNBRB19rr/mm-uuuuu
|
| 035 |
|
|
|a CL0624208
|
| 040 |
|
|
|a SNKBUCL
|b slo
|c SNKBUCL
|e AACR2
|
| 041 |
0 |
|
|a slo
|
| 044 |
|
|
|a xo
|c SK
|
| 080 |
|
|
|a 340.131:342.725(437.6)
|2 1981
|
| 080 |
|
|
|a 342.725(437.6)
|2 1981
|
| 080 |
|
|
|a 808.54-072
|2 1981
|
| 100 |
1 |
|
|a Ferko, Milan,
|d 1929-2010
|4 aut
|9 134529
|
| 245 |
1 |
0 |
|a Pilier našej štátnosti
|c Milan Ferko
|
| 650 |
0 |
7 |
|a slovenčina
|2 snkbucl
|9 1350
|
| 650 |
0 |
7 |
|a jazyk štátny
|2 snkbucl
|9 899868
|
| 655 |
|
7 |
|a články z novín a časopisov
|2 snkbucl
|9 267496
|
| 773 |
0 |
|
|t Slovenská republika
|g Roč. 5, č. 136 (14. 6. 1997)
|
| 773 |
0 |
|
|t [Príl.] Kultúra '97
|g Č. 26 (1997), s. I.
|
| 850 |
|
|
|a Slovenská národná knižnica v Martine
|a MTA001
|
| 852 |
|
|
|a SNK
|b KIS3GCP
|
| 958 |
|
|
|a SK
|
| 958 |
|
|
|a RK
|
| 958 |
|
|
|a RBX
|
| 999 |
|
|
|c 2137670
|d 2139600
|